Alle NFL MVP Gewinner - Statistiken

Allgemein
  • Dieses Quiz wurde 138 mal gespielt
  • Das Durchschnittsergebnis liegt bei 24 aus 68
Antwortstatistiken
Jahr Sieger % Korrekt
2007 Tom Brady
100%
2010 Tom Brady
100%
2017 Tom Brady
100%
2018 Patrick Mahomes
96%
2022 Patrick Mahomes
96%
2019 Lamar Jackson
91%
2023 Lamar Jackson
91%
2024 Josh Allen
89%
2011 Aaron Rodgers
87%
2014 Aaron Rodgers
87%
2020 Aaron Rodgers
87%
2021 Aaron Rodgers
87%
1985 Marcus Allen
83%
2004 Peyton Manning
82%
2008 Peyton Manning
82%
2009 Peyton Manning
82%
2013 Peyton Manning
82%
1989 Joe Montana
63%
1990 Joe Montana
63%
2015 Cam Newton
61%
2016 Matt Ryan
48%
1995 Brett Favre
47%
1996 Brett Favre
47%
2012 Adrian Peterson
46%
1984 Dan Marino
34%
1993 Emmitt Smith
31%
1957 Jim Brown
28%
1958 Jim Brown
28%
1965 Jim Brown
28%
1972 Larry Brown
26%
1992 Steve Young
25%
1994 Steve Young
25%
1999 Kurt Warner
24%
2001 Kurt Warner
24%
1987 John Elway
21%
2006 LaDainian Tomlinson
21%
1997 (Ausnahme 2 MVP) Brett Favre & Barry Sanders
20%
1986 Lawrence Taylor
19%
1962 Jim Taylor
17%
1977 Walter Payton
16%
1976 Bert Jones
14%
2003 (Ausnahme 2 MVP) Peyton Manning & Steve McNair
13%
1978 Terry Bradshaw
13%
1966 Bart Starr
11%
2005 Shaun Alexander
10%
1973 O.J. Simpson
7%
1959 Johnny Unitas
6%
1964 Johnny Unitas
6%
1967 Johnny Unitas
6%
1975 Fran Tarkenton
5%
1981 Ken Anderson
5%
2000 Marshall Faulk
5%
1988 Boomer Esiason
4%
2002 Rich Gannon
4%
1998 Terrell Davis
4%
1991 Thurman Thomas
4%
1983 Joe Theismann
3%
1982 Mark Moseley
2%
1971 Alan Page
1%
1974 Ken Stabler
1%
1960 Norm Van Brocklin
1%
1980 Brian Sipe
0%
1979 Earl Campell
0%
1968 Earl Morrall
0%
1970 John Brodie
0%
1961 Paul Hornung
0%
1969 Roman Gabriel
0%
1963 Y.A. Tittle
0%
Keine übereinstimmenden Quizze gefunden
Verteilung der Resultate
Anzahl Personen mit jedem Resultat
Perzentil nach korrekt beantworteten Fragen
Ihre Resultats-Entwicklung
Sie haben dieses Quiz noch nicht gespielt